Songs In The Listen To Tunes Playlist #3 - Statistics

General Stats
  • This quiz has been taken 4 times
  • The average score is 10 of 18
Answer Stats
Hint Answer % Correct
All the leaves are brown (all the leaves are brown), and the sky is gray (and the sky is gray). California dreamin’
100%
Jump back, what’s that sound. Here she comes, full blast and top down. Hot shoe, burnin’ down the avenue. Panama
100%
The heat was hot, and the ground was dry. But the air was full of sound. I’ve been through the desert on… A Horse With No Name
67%
Born down in a dead man’s town. The first hit I took was when I hit the ground. Born In The USA
67%
I feel uptight on a Saturday night. Nine o’clock and the radio’s the only light. Detroit Rock City
67%
I looked out this morning and the sun was gone. Turned on some music to start my day. I lost myself in a familiar song. More Than A Feeling
67%
I understand about indecision. But I don’t care if I get behind. People livin’ in competition. All I want is to have my… Peace Of Mind
67%
We’re waxing down our surfboards. We can’t wait ‘til June. We’ll all be gone for the summer. Surfing USA
67%
Turning and returning to some secret place inside. Watching in slow motion as you turn around and say. Take My Breath Away
67%
I guess there is no one to blame. We’re leaving the ground (leaving the ground). Will things ever be the same again? The Final Countdown
67%
And I feel like today’s the day. I’m looking for the words to say. Do you want to be free, are you ready for me, to feel this way? Amanda
33%
Leave it ‘til tomorrow to unpack my case. Honey, disconnect the phone. Back In The USSR
33%
I can see, it took so long just to realize. I’m much too strong not to compromise. Don’t Look Back
33%
Do you remember when we used to dance, and incidents arose from circumstance. Heat Of The Moment
33%
We’ve come too far to leave it all behind. How could we end it all this way? If You Leave Me Now
33%
The ice age is coming, the sun is zooming in. Engines stop running, the wheat is growing thin. London Calling
33%
I was bruised and battered. I couldn't tell what I felt. I was unrecognizable to myself. Streets Of Philadelphia
33%
You hear him howlin’ around your kitchen door. You better not let him in. Werewolves Of London
33%
No matching quizzes found
Score Distribution
Percent of People with Each Score
Percentile by Number Answered
Your Score History
You have not taken this quiz